Statistics for October 1st: Birthdays

Click here to take the quiz!

General Stats

  • This quiz has been taken 6 times
  • The average score is 5 of 10

Answer Stats

YearClueAnswer% Correct
1935Actress in Mary PoppinsJulie Andrews
100%
1910Part of Bonnie and ClydeBonnie Parker
67%
1956British Prime Minister
Theresa May
67%
1924US PresidentJimmy Carter
67%
1989Actress in RoomBrie Larson
50%
1881Founded The Boeing CompanyWilliam Boeing
50%
1930Actor in Man Called Horse
Richard Harris
33%
1685Holy Roman Emperor Charles VI
17%
196312-time All StarMark McGwire
0%
1945Baseball Hall of Fame Infielder Rod Carew
0%

Score Distribution

Percentile by Number Answered

Percent of People with Each Score

Your Score History

You have not taken this quiz